000 00913cam a2200313Ia 4500
001 93264
005 20230410132549.0
008 850429s1982 sp 000 0 spa d
035 _a(OCoLC)ocm11974595
040 _aEUT
_cEUT
_dOCLCG
_dCUI
020 _a8430640169
020 _a9788430640164
029 1 _aAU@
_b000007100479
035 _a(OCoLC)11974595
050 1 4 _aPQ6226
_b.R5 1982
092 _a862.5
_fRIV
049 _aGRAL
100 1 _aRivas, Angel de Saavedra,
_cduque de,
_d1791-1865.
245 1 0 _aDon Alvaro :
_bo la fuerza del sino /
_cAngel de Saavedra, duque de Rivas ; edición e introducción de Jorge Campos.
250 _a[6. ed.]
260 _aMadrid :
_bTaurus,
_c1982.
300 _a196 p. ;
_c18 cm.
440 0 _aTemas de España ;
_v16
504 _aBibliography: p. 191-193.
700 1 _aCampos, Jorge,
_eed.
942 _2lcc
_cbk
994 _aC0
_bDRFGD
946 _aYM
999 _c83798
_d83798